| 000 | 00333nam a22001457a 4500 | ||
|---|---|---|---|
| 003 | OSt | ||
| 005 | 20160727222348.0 | ||
| 008 | 160621b xxu||||| |||| 00| 0 eng d | ||
| 040 | _cTEST | ||
| 100 |
_9323 _aFoster, C _bFoster, C |
||
| 245 | _aFirst Steps | ||
| 260 |
_aChicago _bThe Moody _c1960 |
||
| 300 | _aFirst Steps | ||
| 942 |
_2ddc _cBK |
||
| 999 |
_c260 _d260 |
||